Sports Quiz

Random Sports or Football Quiz

Premier League Scores 2015/16 Week 31 Quiz Stats

 Plays Quiz not verified by Sporcle

Challenge
Share
Tweet
Embed
Score 0/10 Timer 01:00
0 Plays Today
Home Team Score Line % Correct
Everton0-2
97.8%
Chelsea2-2
93.3%
Crystal Palace0-1
91.1%
Watford1-2
86.7%
Manchester City0-1
82.2%
Swansea1-0
80%
West Brom0-1
77.8%
Newcastle1-1
77.8%
Southampton3-2
77.8%
Tottenham3-0
73.3%

You're not logged in!

Compare scores with friends on all Sporcle quizzes.
Join for Free
OR
Log In

You Might Also Like...

Show Comments

Extras

Top Quizzes Today


Score Distribution

Your Account Isn't Verified!

In order to create a playlist on Sporcle, you need to verify the email address you used during registration. Go to your Sporcle Settings to finish the process.

Report this User

Report this user for behavior that violates our Community Guidelines.

Details: